| 000 | nam a22 7a 4500 | ||
|---|---|---|---|
| 999 |
_c19658 _d19658 |
||
| 008 | 170117b xxu||||| |||| 00| 0 eng d | ||
| 020 | _a 9781111579852 | ||
| 020 | _a1111579857 | ||
| 050 |
_aQH308.2 _b.S73 2013 |
||
| 100 | _aStarr,Cecie | ||
| 245 |
_aCell biology and genetics/ _cCecie Starr, Ralph Taggart ,Christine Evers and Lisa Starr |
||
| 260 |
_aBelmont, CA : _bBrooks/Cole, Cengage Learning, _c©2013. |
||
| 300 |
_axii,251p. : _bill. ; _c28cm. |
||
| 500 | _aincludes appendix. | ||
| 650 | _a Cytology. | ||
| 650 | _a Genetics. | ||
| 650 | _a Biology. | ||
| 700 | _aTaggart,Ralph | ||
| 700 | _aEvers,Christine | ||
| 700 | _aStarr,Lisa | ||
| 942 |
_2lcc _cBOOKS _hQH308.2 .S73 2013 |
||